| 000 | 00638nam a22001817a 4500 | ||
|---|---|---|---|
| 999 |
_c65323 _d65297 |
||
| 003 | OSt | ||
| 005 | 20180618163252.0 | ||
| 008 | 180618b ||||| |||| 00| 0 eng d | ||
| 040 |
_aAIU Library - Kenya _cAIU Library - Kenya _dAIU Library - Kenya |
||
| 050 |
_aBS 428.K4 _bM38 1993 |
||
| 245 |
_aMbuku ya gwathirira Biblia : _ba Bible Concordance in Kikuyu Language _cCompiled by Rev. John Mburu. |
||
| 250 | _a1st ed. | ||
| 260 |
_aNairobi, Kenya : _bGospel Light Publishing House, _c1993. |
||
| 300 | _axi, 187 p.; | ||
| 630 |
_aBible _lKikuyu language _vConcordance. _945850 |
||
| 700 |
_945849 _aMburu, John. _eComp. |
||
| 942 |
_2lcc _cREF |
||